Statistics for Football record transfers

Click here to take the quiz!

General Stats

  • This quiz has been taken 254 times
  • The average score is 10 of 43

Answer Stats

HintAnswer% Correct
2013Real Madrid85,300,000Gareth Bale
96%
2009Real Madrid80,000,000Cristiano Ronaldo
95%
1997Internazionale19,000,000Ronaldo
95%
2001Real Madrid46,600,000Zinedine Zidane
85%
2000Real Madrid37,000,000Luis Figo
67%
2009Real Madrid56,000,000Kaka
65%
1913Blackburn Rovers2,000Daniel Shea
63%
1996Newcastle United15,000,000Alan Shearer
61%
1984Napoli5,000,000Diego Maradona
57%
1982Barcelona3,000,000Diego Maradona
57%
2000Lazio35,500,000Hernan Crespo
37%
1998Real Betis21,500,000Denilson
35%
1999Internazionale32,000,000Christian Vieri
34%
1990Juventus8,000,000Roberto Baggio
34%
1987Milan6,000,000Ruud Gullit
30%
1973Barcelona922,000Johan Cruyff
27%
1992Milan10,000,000Jean-Pierre Papin
18%
1976Juventus1,750,000Paolo Rossi
14%
1992Juventus12,000,000Gianluva Vialli
14%
1992Milan13,000,000Gianluigi Lentini
13%
1961Internazionale152,000Luis Suarez
12%
1957Juventus93,000Enrique Omar Sivori
7%
1968Juventus500,000Pietro Anastasi
3%
1954Milan72,000Juan Schiaffino
3%
1975Napoli1,200,000Guiseppi Savoldi
3%
1905Middlesbrough1,000Alf Common
3%
1928Arsenal10,890David Jack
3%
1949Derby County24,000Johnny Morris
2%
1967Internazionale300,000Harald Nielsen
1%
1893Aston Villa100Willie Groves
1%
1963Roma250,000Angelo Sormani
1%
1952Napoli52,000Hans Jeppson
1%
1951Sheffield Wednesday34,500Jackie Sewell
1%
1950Sunderland30,000Trevor Ford
1%
1949Preston North End26,500Eddie Quigley
1%
1932River Plate23,000Bernabe Ferreyra
1%
1925Sunderland6,500Bob Kelly
1%
1922Sunderland5,500Warney Creswell
1%
1922Falkirk5,000Syd Puddefoot
1%
1904Newcaslte United700Andy McCombie
1%
1914Blackburn Rovers2,500Percy Dawson
0%
1913Aston Villa2,000Tommy Barber
0%
YearBuying ClubFee (£)Player
0%

Score Distribution

Percentile by Number Answered

Percent of People with Each Score

Your Score History

You have not taken this quiz